000 00664nam a2200265Ia 4500
005 20260121165719.0
008 008 260114s9999 xx 000 0 eng d
020 _a9783319302850
037 _aEBOOK
040 _aCRL
040 _beng
040 _cCRL
041 _2eng
041 _aeng
084 _qCRL
100 _aFay Huang, Akihiro Sugimoto
_91055126
245 0 _aImage and Video Technology – PSIVT 2015 Workshops
260 _bSpringer
260 _bSpringer
260 _c2016
856 _uhttps://link.springer.com/openurl?genre=book&isbn=978-3-319-30285-0
942 _cEBOOK
999 _c1620853
_d1620853